[Event "CGC KO 2022"]
[Site "chess.com INT"]
[Date "2022.10.02"]
[Round "3.4"]
[White "Xiong, Jeffery"]
[Black "So, Wesley"]
[Result "1-0"]
[WhiteTitle "GM"]
[BlackTitle "GM"]
[WhiteElo "2690"]
[BlackElo "2771"]
[WhiteFideId "2047640"]
[BlackFideId "5202213"]
[EventDate "2022.09.14"]
[EventType "k.o."]

1. e4 e5 2. Nf3 Nc6 3. d4 exd4 4. Nxd4 Nf6 5. Nc3 Bb4 6. Nxc6 bxc6 7. Bd3 O-O 8.
O-O d5 9. exd5 cxd5 10. h3 c6 11. Qf3 Re8 12. Bf4 Nd7 13. Rfe1 Nc5 14. Rxe8+
Qxe8 15. Bf1 Ba5 16. Nxd5 cxd5 17. Qxd5 Nb7 18. Ba6 Qe7 19. Bxb7 Bxb7 20. Qxa5
Qe4 21. Qg5 Qxc2 22. Rc1 Qg6 23. Qxg6 hxg6 24. Rc7 Bd5 25. a3 a5 26. b4 axb4 27.
axb4 Ra1+ 28. Kh2 Rb1 29. Rc8+ Kh7 30. Rb8 Bc4 31. h4 f6 32. Be3 Rb2 33. g4 Rb1
34. g5 Bd5 35. Rb6 f5 36. Kg3 Rg1+ 37. Kf4 Rg4+ 38. Ke5 Bf3 39. Bf4 Rxh4 40. b5
Rh1 41. Rb8 Rb1 42. b6 Rb4 43. Be3 f4 44. Bd4 Bg2 45. Rf8 Ra4 46. Rxf4 Ra5+ 47.
Ke6 Rxg5 48. Be5 Kh6 49. Rf7 Rf5 50. Rxf5 gxf5 51. Kxf5 Bh3+ 52. Ke4 Bc8 53. Kd5 1-0

[Event "CGC KO 2022"]
[Site "chess.com INT"]
[Date "2022.10.02"]
[Round "3.5"]
[White "Xiong, Jeffery"]
[Black "So, Wesley"]
[Result "1/2-1/2"]
[WhiteTitle "GM"]
[BlackTitle "GM"]
[WhiteElo "2690"]
[BlackElo "2771"]
[WhiteFideId "2047640"]
[BlackFideId "5202213"]
[EventDate "2022.09.14"]
[EventType "k.o."]

1. e4 e5 2. Nf3 Nf6 3. Nxe5 d6 4. Nf3 Nxe4 5. Nc3 Nxc3 6. dxc3 Be7 7. Bf4 O-O 8.
Qd2 Nd7 9. O-O-O Nf6 10. Bd3 Re8 11. h4 Bg4 12. Rdg1 Qd7 13. Nd4 Bh5 14. g4 Bg6
15. Be2 Qa4 16. Kb1 Ne4 17. Qe1 Bf6 18. Bb5 Nxc3+ 19. Qxc3 Qxd4 20. Qxd4 Bxd4
21. Bxe8 Rxe8 22. Re1 Re6 23. Rxe6 fxe6 24. Be3 Bxe3 25. fxe3 Kf7 26. Rf1+ Ke7
27. Kc1 e5 28. Kd2 h6 29. c4 a5 30. Kc3 b6 31. b3 Bf7 32. a3 g5 33. hxg5 hxg5
34. Rf5 Bg6 35. Rf2 Bf7 36. Rh2 Be6 37. Rh7+ Kd8 38. Rg7 Bxg4 39. Rxg5 Be6 40.
Rg7 Kc8 41. b4 axb4+ 42. axb4 Kb7 43. Re7 Bh3 44. Rf7 Kc6 45. Kd3 Be6 46. Rf6
Bg4 47. Kd2 Bh3 48. Ke2 Bg4+ 49. Ke1 Bh5 50. Kd2 Bg4 51. Kc3 Be2 52. Rf7 Bh5 53.
Rg7 Be2 54. Re7 Bg4 55. Kd3 Bf5+ 56. Kd2 Bh3 57. Ke2 Bf5 58. Kd2 Bg4 59. Kc2
Bf5+ 60. Kc3 Bg4 61. Rf7 Be6 62. Rf2 Bg4 63. Rg2 Bh3 64. Ra2 Be6 65. Ra7 Bg4 66.
Ra8 Be6 67. Rd8 Bf5 68. Re8 Bd7 69. Rb8 Be6 70. Kd3 Bf5+ 71. Kd2 Be6 72. Kc3 Bf5
73. Rh8 Be6 74. Rh4 Bf5 75. Kd2 Be6 76. Ke2 Bd7 77. Kf3 Be6 78. Ke2 Bf7 79. Kd3
Bg6+ 80. Kc3 Bf7 81. Rh6 Be8 82. Rf6 Bd7 83. Rf7 Be6 84. Rf6 Bg4 85. Rg6 Bf5 86.
Rg7 Be6 87. Re7 Bf5 88. c5 bxc5 89. bxc5 Bg4 90. Kb4 Bc8 91. Rg7 Bf5 92. Rf7 Be6
93. Rf6 Bg4 94. Rh6 Bf5 95. Rh5 Bg4 96. Rg5 Bd7 97. Rg6 Bf5 98. Rf6 Bg4 99. cxd6
cxd6 100. Kc4 Be2+ 101. Kc3 Kd5 102. Kd2 Bg4 103. Ke1 Bh3 104. Kf2 Bd7 105. Kf3
Bc8 106. Rf7 Be6 107. Rc7 Bf5 108. Rc1 Be4+ 109. Kg3 Bd3 110. Kf3 Be4+ 111. Ke2
Bf5 112. Rd1+ Kc5 113. Kd2 Kd5 114. Kc3+ Ke4 115. Rxd6 Kxe3 116. Rd5 Ke4 117.
Rc5 Bg4 118. Rc4+ Kf3 119. Rc7 e4 120. Kd4 Bf5 121. Rf7 Kf4 122. Rf8 Kg4 123.
Ke5 Bg6 124. Rg8 Kg5 125. Rg7 e3 126. Rc7 e2 127. Rc1 Kg4 128. Kd4 Kf3 129. Kc3
Ke3 130. Re1 Be4 131. Rxe2+ Kxe2 1/2-1/2

[Event "CGC KO 2022"]
[Site "chess.com INT"]
[Date "2022.10.12"]
[Round "3.1"]
[White "Ding, Liren"]
[Black "Nihal, Sarin"]
[Result "0-1"]
[WhiteTitle "GM"]
[BlackTitle "GM"]
[WhiteElo "2808"]
[BlackElo "2677"]
[WhiteFideId "8603677"]
[BlackFideId "25092340"]
[EventDate "2022.09.14"]
[EventType "k.o."]

1. d4 d5 2. c4 e6 3. Nc3 c5 4. cxd5 exd5 5. Nf3 Nf6 6. Bg5 Be6 7. e3 c4 8. Be2
Nbd7 9. O-O Bb4 10. Ne5 O-O 11. Nxd7 Qxd7 12. Bxf6 gxf6 13. Bf3 Kg7 14. a4 b6
15. Ne2 Bd6 16. Nc3 Bb4 17. Qc2 Rac8 18. Rfd1 f5 19. g3 a6 20. Ne2 Bd6 21. b3 b5
22. axb5 axb5 23. bxc4 Rxc4 24. Qb3 Rfc8 25. Ra5 Rb4 26. Qa2 Ra4 27. Rxa4 bxa4
28. Bxd5 a3 29. Bxe6 Qxe6 30. d5 Qe4 31. Nd4 Rb8 32. Nb3 Qc4 33. Qa1+ Kg6 34.
Na5 Qe2 35. Re1 Qxe1+ 36. Qxe1 a2 0-1

[Event "CGC KO 2022"]
[Site "chess.com INT"]
[Date "2022.10.12"]
[Round "3.2"]
[White "Nihal, Sarin"]
[Black "Ding, Liren"]
[Result "1-0"]
[WhiteTitle "GM"]
[BlackTitle "GM"]
[WhiteElo "2677"]
[BlackElo "2808"]
[WhiteFideId "25092340"]
[BlackFideId "8603677"]
[EventDate "2022.09.14"]
[EventType "k.o."]

1. d4 Nf6 2. Nf3 d5 3. c3 e6 4. Bf4 c5 5. e3 Qb6 6. Qb3 Bd7 7. Nbd2 Be7 8. Be2
O-O 9. Ne5 Bc6 10. O-O Nbd7 11. Ndf3 Rfc8 12. Rfd1 Nxe5 13. Nxe5 Be8 14. h3 Ne4
15. Nf3 Nd6 16. Nd2 Qa5 17. a4 a6 18. Qc2 cxd4 19. exd4 Qd8 20. Bd3 g6 21. a5
Bb5 22. Bxd6 Bxd6 23. Nf3 Be8 24. Qd2 Kg7 25. Re1 b6 26. axb6 Qxb6 27. h4 h5 28.
Ng5 a5 29. Re2 Ra7 30. Rae1 Re7 31. g3 a4 32. Nh3 a3 33. bxa3 Qa5 34. Nf4 Qxc3
35. Nxh5+ Kh7 36. Nf6+ Kg7 37. Nh5+ Kh7 38. Qe3 e5 39. Nf6+ Kg7 40. Ng4 Re6 41.
dxe5 Be7 42. Rc2 Qxc2 43. Bxc2 Rxc2 44. Qh6+ Kg8 45. Nf6+ Bxf6 46. exf6 Rxe1+
47. Kg2 1-0

[Event "CGC KO 2022"]
[Site "chess.com INT"]
[Date "2022.10.12"]
[Round "3.3"]
[White "Ding, Liren"]
[Black "Nihal, Sarin"]
[Result "1/2-1/2"]
[WhiteTitle "GM"]
[BlackTitle "GM"]
[WhiteElo "2808"]
[BlackElo "2677"]
[WhiteFideId "8603677"]
[BlackFideId "25092340"]
[EventDate "2022.09.14"]
[EventType "k.o."]

1. d4 d5 2. c4 dxc4 3. Nf3 Nf6 4. e3 e6 5. Bxc4 c5 6. O-O a6 7. b3 Nbd7 8. Bb2
Be7 9. dxc5 Bxc5 10. Nbd2 b6 11. e4 Bb7 12. e5 Nd5 13. Re1 O-O 14. Bd3 Be7 15.
Ne4 Nc5 16. Nxc5 Bxc5 17. Bc1 Nb4 18. Be2 Qxd1 19. Rxd1 Rfd8 20. Bd2 Rac8 21.
Kf1 h6 22. Ne1 a5 23. a3 Nc6 24. Nf3 Nd4 25. Nxd4 Bxd4 26. Rac1 Bxe5 27. Be3
Rxc1 28. Rxc1 Bd4 29. Rc7 Bxe3 1/2-1/2

[Event "CGC KO 2022"]
[Site "chess.com INT"]
[Date "2022.10.12"]
[Round "3.1"]
[White "Nepomniachtchi, Ian"]
[Black "Radjabov, Teimour"]
[Result "0-1"]
[WhiteTitle "GM"]
[BlackTitle "GM"]
[WhiteElo "2792"]
[BlackElo "2747"]
[WhiteFideId "4168119"]
[BlackFideId "13400924"]
[EventDate "2022.09.14"]
[EventType "k.o."]

1. d4 Nf6 2. c4 e6 3. Nc3 Bb4 4. f3 c5 5. d5 d6 6. e4 O-O 7. Bf4 Re8 8. dxe6
Bxe6 9. Bd3 Nc6 10. Ne2 Ne5 11. b3 Nh5 12. Bg3 Nxg3 13. hxg3 Qg5 14. Qd2 Qf6 15.
Rc1 b5 16. cxb5 d5 17. exd5 Nxd3+ 18. Qxd3 Bf5 19. Qd2 Re5 20. O-O Rxe2 21. Qxe2
Bxc3 22. Rxc3 Qxc3 23. Rd1 Kf8 24. d6 Re8 25. Qf2 Bd7 26. Kh2 Re6 27. g4 g5 28.
a4 Qe5+ 29. Kg1 Rxd6 30. Rc1 Rd4 31. Qc2 Kg7 32. Qxc5 Rd1+ 0-1

[Event "CGC KO 2022"]
[Site "chess.com INT"]
[Date "2022.10.12"]
[Round "3.2"]
[White "Radjabov, Teimour"]
[Black "Nepomniachtchi, Ian"]
[Result "1-0"]
[WhiteTitle "GM"]
[BlackTitle "GM"]
[WhiteElo "2747"]
[BlackElo "2792"]
[WhiteFideId "13400924"]
[BlackFideId "4168119"]
[EventDate "2022.09.14"]
[EventType "k.o."]

1. Nf3 d5 2. d4 Nf6 3. c4 e6 4. Nc3 c5 5. e3 Nc6 6. a3 dxc4 7. Bxc4 a6 8. O-O b5
9. Be2 Bb7 10. dxc5 Bxc5 11. Qxd8+ Rxd8 12. b4 Bd6 13. Bb2 Ke7 14. Rfd1 Rd7 15.
a4 bxa4 16. b5 axb5 17. Nxb5 Bb4 18. Rxd7+ Kxd7 19. Rxa4 Be7 20. Nbd4 Ra8 21.
Rxa8 Bxa8 22. Nxc6 Bxc6 23. Ne5+ Kc7 24. Nxf7 h6 25. Be5+ Kd7 26. Bd4 Kc7 27.
Ne5 Bd5 28. Ng6 Bd6 29. f3 Bc6 30. e4 Be8 31. Ne5 Kd8 32. Bc4 Ke7 33. Nd3 Ba3
34. h4 Bf7 35. Ne5 Be8 36. Kf2 g5 37. hxg5 hxg5 38. Be3 Nh7 39. Bd3 Bb4 40. Ng4
Bg6 41. Bd4 Bd2 42. Ne5 Be8 43. Nc4 Bc1 44. Bc5+ Kf6 45. Bd4+ Ke7 46. Ke2 Bf4
47. Bf2 Bh5 48. e5 Nf8 49. g3 Bc1 50. Kd1 1-0

[Event "CGC KO 2022"]
[Site "chess.com INT"]
[Date "2022.10.12"]
[Round "3.3"]
[White "Nepomniachtchi, Ian"]
[Black "Radjabov, Teimour"]
[Result "1/2-1/2"]
[WhiteTitle "GM"]
[BlackTitle "GM"]
[WhiteElo "2792"]
[BlackElo "2747"]
[WhiteFideId "4168119"]
[BlackFideId "13400924"]
[EventDate "2022.09.14"]
[EventType "k.o."]

1. e4 e5 2. Nf3 Nc6 3. Bc4 Bc5 4. O-O Nf6 5. d3 O-O 6. c3 d5 7. exd5 Nxd5 8. Re1
Nb6 9. Bg5 Qd6 10. Nbd2 Qg6 11. Bb3 h6 12. Bh4 Bg4 13. Ne4 Bd6 14. Bg3 Qh5 15.
h3 Bxf3 16. Qxf3 Qxf3 17. gxf3 Rad8 18. Rad1 Kh8 19. f4 f5 20. fxe5 Bxe5 21. Nc5
Bxg3 22. fxg3 Rb8 23. d4 Na5 24. Bc2 Nac4 25. b3 Nd6 26. c4 Rf7 27. Ne6 Ne4 28.
Bxe4 fxe4 29. Rxe4 c6 30. Rf1 Kg8 31. Rxf7 Kxf7 32. Nc5 Nc8 33. Nd7 Ra8 34. Ne5+
Kg8 35. Rf4 Nd6 36. c5 Nb5 37. a4 Nc3 38. Rf7 Ne2+ 39. Kf2 Nxd4 40. Rxb7 Re8 41.
Nc4 Re2+ 42. Kf1 Rc2 43. Na5 Nf3 44. Nc4 Nd4 45. Na5 Nf3 46. Rd7 Rxc5 47. Rxa7
Rc2 48. Rd7 Ne5 49. Re7 Nf3 50. Re2 Rc1+ 51. Kf2 Nd4 52. Ra2 Rb1 53. Nc4 Rxb3
54. a5 Rb8 55. a6 Nb5 56. Ne5 Na7 57. Ke3 Rb5 58. Kd4 Kf8 59. Re2 Rd5+ 60. Kc4
Ra5 61. Nd7+ Kf7 62. Nc5 Nc8 63. Kd4 Nd6 64. g4 Nb5+ 65. Kc4 Nc7 66. Rb2 Nxa6
67. Rb7+ Kf6 68. Ne4+ Ke5 69. Nc3 g5 70. Rf7 Rc5+ 71. Kb3 Ke6 72. Rh7 Re5 73.
Rxh6+ Kf7 74. Kc4 Rc5+ 75. Kd4 Ra5 76. Rxc6 Nb8 77. Rd6 Ke7 78. Rg6 Kf7 79. Rd6
Ke7 80. Rh6 Nd7 81. Ne4 Ra4+ 82. Ke3 Ra3+ 83. Kd2 Ra2+ 84. Kc3 Ra5 85. Rg6 Ra3+
86. Kd4 Rxh3 87. Rg7+ Ke8 88. Nd6+ Kd8 89. Nf7+ Ke8 90. Nxg5 Ra3 91. Ne4 Ra4+
92. Ke3 Ne5 93. g5 Ng4+ 94. Kf3 Kf8 95. Rb7 Ne5+ 96. Kf4 Nf7 97. Kf5 Ra5+ 98.
Kg6 Ra6+ 99. Kh7 Nxg5+ 100. Nxg5 Ke8 101. Kg7 Rd6 102. Rb4 Ke7 103. Nf7 Rd1 104.
Re4+ Kd7 105. Rf4 Ke6 106. Kg6 Rg1+ 107. Ng5+ Ke5 108. Ra4 Kd5 109. Ra3 Rf1 110.
Nf3 Ke6 111. Re3+ Kd6 112. Kf5 Kd5 113. Rd3+ Kc4 114. Ke4 Kc5 115. Rc3+ Kd6 116.
Rc2 Ra1 117. Rb2 Ra4+ 118. Nd4 Kc5 119. Rb5+ Kc4 120. Rb6 Ra5 121. Rh6 Rc5 122.
Rh1 Rg5 123. Rc1+ Kb4 124. Nc6+ Kb5 125. Ne5 Rh5 126. Kd4 Rh4+ 127. Kd5 Kb4 128.
Nd3+ Kb3 129. Rc8 Rh5+ 130. Ne5 Kb4 131. Rc4+ Kb3 132. Re4 Kc3 133. Kc5 Rg5 134.
Re3+ Kd2 135. Kd4 Rh5 136. Nc4+ Kc2 137. Re2+ Kb3 138. Rb2+ Ka4 139. Nd6 Rh4+
140. Ne4 Ka3 141. Rb8 Ka4 142. Kd3 Ka3 143. Kc3 Rxe4 1/2-1/2

[Event "CGC KO 2022"]
[Site "chess.com INT"]
[Date "2022.11.02"]
[Round "4.1"]
[White "So, Wesley"]
[Black "Andreikin, Dmitry"]
[Result "1/2-1/2"]
[WhiteTitle "GM"]
[BlackTitle "GM"]
[WhiteElo "2771"]
[BlackElo "2729"]
[WhiteFideId "5202213"]
[BlackFideId "4158814"]
[EventDate "2022.09.14"]
[EventType "k.o."]

1. e4 c5 2. Nf3 Nc6 3. d4 cxd4 4. Nxd4 e6 5. Nc3 a6 6. Nxc6 bxc6 7. Bd3 d5 8.
O-O Nf6 9. Re1 Be7 10. e5 Nd7 11. Qg4 g6 12. Bh6 Rb8 13. Rab1 Rb4 14. Qg3 g5 15.
Qf3 Rh4 16. Bg7 Rg8 17. g3 g4 18. Qf4 Rh5 19. Bh6 Qc7 20. Qd2 Nxe5 21. Be2 Bd6
22. Rbd1 Nf3+ 23. Bxf3 gxf3 24. Kh1 Rxg3 25. fxg3 Bxg3 26. Rg1 Bxh2 27. Rg8+ Kd7
28. Be3 a5 29. Ne4 Bf4+ 30. Kg1 Bxe3+ 31. Qxe3 Qh2+ 32. Kf1 Ba6+ 33. Ke1 Re5 34.
Rd4 f5 35. Rg7+ Kc8 36. Rg8+ Kc7 37. Rg7+ Kc8 38. Rg8+ Kc7 39. Rg7+ Kc8 1/2-1/2

[Event "CGC KO 2022"]
[Site "chess.com INT"]
[Date "2022.11.02"]
[Round "4.1"]
[White "Giri, Anish"]
[Black "Radjabov, Teimour"]
[Result "1/2-1/2"]
[WhiteTitle "GM"]
[BlackTitle "GM"]
[WhiteElo "2764"]
[BlackElo "2747"]
[WhiteFideId "24116068"]
[BlackFideId "13400924"]
[EventDate "2022.09.14"]
[EventType "k.o."]

1. e4 c5 2. Nf3 Nc6 3. Bb5 g6 4. O-O Bg7 5. c3 Nf6 6. Re1 Qb6 7. Bf1 d6 8. h3 e5
9. Na3 O-O 10. Nc4 Qd8 11. a4 Re8 12. d3 b6 13. Bg5 h6 14. Bh4 Qd7 15. Ne3 Bb7
16. Nh2 Ne7 17. Be2 Nh7 18. Qb3 Ng5 19. Bg4 Qc7 20. Nf3 Nh7 21. Nd2 h5 22. Bf3
Rab8 23. a5 b5 24. Qxb5 Bxe4 25. Qc4 Bxf3 26. Nxf3 Rxb2 27. d4 Nf6 28. dxe5 dxe5
29. Bg3 Nd7 30. Rad1 Qc6 31. Ng5 Rf8 32. Ne4 Nf6 33. Nd6 Ne8 34. Ne4 Nf6 35. Nd6
Ne8 36. Ne4 Nf6 1/2-1/2

[Event "CGC KO 2022"]
[Site "chess.com INT"]
[Date "2022.11.02"]
[Round "4.1"]
[White "Sevian, Samuel"]
[Black "Nihal, Sarin"]
[Result "1/2-1/2"]
[WhiteTitle "GM"]
[BlackTitle "GM"]
[WhiteElo "2684"]
[BlackElo "2677"]
[WhiteFideId "2040506"]
[BlackFideId "25092340"]
[EventDate "2022.09.14"]
[EventType "k.o."]

1. d4 d5 2. c4 e6 3. Nc3 h6 4. Nf3 Nf6 5. g3 Nc6 6. Bg2 Bd6 7. O-O O-O 8. Qd3
Nb4 9. Qd2 dxc4 10. Ne5 c5 11. Nxc4 cxd4 12. Qxd4 Be7 13. Qxd8 Rxd8 14. Bd2 Nbd5
15. Na5 Nxc3 16. Bxc3 Nd5 17. Bd2 Bd7 18. Rac1 b6 19. Nc6 Bxc6 20. Rxc6 Rac8 21.
Rxc8 Rxc8 22. Rc1 Rxc1+ 23. Bxc1 Nb4 24. a4 Bf6 25. b3 Nc2 26. Kf1 Be7 27. Bb2
Bf6 28. Bc1 Be7 29. Bb2 Bf6 30. Bc1 1/2-1/2

[Event "CGC KO 2022"]
[Site "chess.com INT"]
[Date "2022.11.02"]
[Round "4.2"]
[White "Andreikin, Dmitry"]
[Black "So, Wesley"]
[Result "0-1"]
[WhiteTitle "GM"]
[BlackTitle "GM"]
[WhiteElo "2729"]
[BlackElo "2771"]
[WhiteFideId "4158814"]
[BlackFideId "5202213"]
[EventDate "2022.09.14"]
[EventType "k.o."]

1. Nf3 d5 2. e3 Nf6 3. d4 c5 4. Nbd2 cxd4 5. exd4 Nc6 6. c3 Qc7 7. Bd3 Bg4 8.
Nf1 e6 9. Ng3 Bd6 10. Bg5 Nh5 11. Nxh5 Bxh5 12. Bh4 Qb6 13. Rb1 Qa5 14. O-O Qxa2
15. b4 Bxf3 16. gxf3 Bf4 17. Bb5 a6 18. Ra1 Qd2 19. Qb3 Rc8 20. Rfd1 Bxh2+ 21.
Kxh2 Qf4+ 22. Bg3 Qh6+ 23. Kg2 axb5 24. Rh1 Qg6 25. Qd1 O-O 26. Qe2 Ne7 27. Qxb5
Nf5 28. Rac1 h5 29. Kh3 h4 30. Bf4 Nxd4 31. cxd4 Qf5+ 32. Kg2 Qxf4 33. Rxc8 Rxc8
34. Qxb7 Rc3 35. Rh3 Qg5+ 36. Kh2 Rc2 37. Qb8+ Kh7 38. Qg3 Qxg3+ 0-1

[Event "CGC KO 2022"]
[Site "chess.com INT"]
[Date "2022.11.02"]
[Round "4.2"]
[White "Radjabov, Teimour"]
[Black "Giri, Anish"]
[Result "1/2-1/2"]
[WhiteTitle "GM"]
[BlackTitle "GM"]
[WhiteElo "2747"]
[BlackElo "2764"]
[WhiteFideId "13400924"]
[BlackFideId "24116068"]
[EventDate "2022.09.14"]
[EventType "k.o."]

1. d4 Nf6 2. c4 e6 3. Nf3 d5 4. Nc3 Bb4 5. Qa4+ Nc6 6. a3 Bxc3+ 7. bxc3 Bd7 8.
cxd5 exd5 9. Qc2 Na5 10. Bg5 c5 11. e3 Rc8 12. Bd3 h6 13. Bh4 O-O 14. Ne5 g5 15.
Bg3 cxd4 16. exd4 Ne4 17. Bxe4 dxe4 18. h4 Bf5 19. hxg5 hxg5 20. Qe2 f6 21. Ng4
Bxg4 22. Qxg4 Kg7 23. Rb1 Rh8 24. Rxh8 Qxh8 25. Rb5 Qh1+ 26. Ke2 Qc1 27. Qd7+
Kh6 28. Qh3+ Kg6 29. Qf5+ Kg7 30. Qd7+ Kg6 31. Qf5+ Kg7 32. Qd7+ 1/2-1/2

[Event "CGC KO 2022"]
[Site "chess.com INT"]
[Date "2022.11.02"]
[Round "4.2"]
[White "Nihal, Sarin"]
[Black "Sevian, Samuel"]
[Result "0-1"]
[WhiteTitle "GM"]
[BlackTitle "GM"]
[WhiteElo "2677"]
[BlackElo "2684"]
[WhiteFideId "25092340"]
[BlackFideId "2040506"]
[EventDate "2022.09.14"]
[EventType "k.o."]

1. d4 Nf6 2. c4 e6 3. Nc3 Bb4 4. e3 O-O 5. Bd2 d5 6. Nf3 b6 7. cxd5 exd5 8. Rc1
Bb7 9. Bd3 Re8 10. Nb5 Na6 11. O-O c6 12. Nc3 Bd6 13. Ne2 Nc7 14. Ng3 g6 15. b4
Ne4 16. Qb3 h5 17. Bxe4 dxe4 18. Ne5 Bxe5 19. dxe5 c5 20. bxc5 h4 21. c6 Ba6 22.
Nxe4 Rxe5 23. f3 Bxf1 24. Rxf1 Re6 25. Bc3 Rxc6 26. Rd1 Qe7 27. Bf6 Qe6 28. Qb2
Ne8 29. Bxh4 Rac8 30. h3 f5 31. Nf2 Qxe3 32. Qb5 Qe6 33. Bg3 Nf6 34. Kh2 Nh5 35.
Nd3 Nxg3 36. Kxg3 Qd6+ 37. Ne5 Qxd1 38. Nxc6 Qd6+ 39. Ne5 Kg7 40. f4 g5 41. Kh2
Qd4 42. Nf3 Qxf4+ 43. Kh1 Rc1+ 44. Ng1 Qd4 0-1

[Event "CGC KO 2022"]
[Site "chess.com INT"]
[Date "2022.11.02"]
[Round "4.3"]
[White "So, Wesley"]
[Black "Andreikin, Dmitry"]
[Result "1/2-1/2"]
[WhiteTitle "GM"]
[BlackTitle "GM"]
[WhiteElo "2771"]
[BlackElo "2729"]
[WhiteFideId "5202213"]
[BlackFideId "4158814"]
[EventDate "2022.09.14"]
[EventType "k.o."]

1. e4 c5 2. Nf3 Nc6 3. d4 cxd4 4. Nxd4 Qb6 5. Nb3 e6 6. Nc3 a6 7. Be3 Qc7 8. Bd3
Nf6 9. f4 d6 10. Qf3 Be7 11. g4 b5 12. g5 Nd7 13. O-O-O Nb4 14. Kb1 Nxd3 15.
cxd3 b4 16. Ne2 a5 17. Rc1 Qb7 18. h4 a4 19. Nd2 Qa6 20. Bf2 Bb7 21. h5 O-O 22.
g6 fxg6 23. Rc7 1/2-1/2

[Event "CGC KO 2022"]
[Site "chess.com INT"]
[Date "2022.11.02"]
[Round "4.3"]
[White "Giri, Anish"]
[Black "Radjabov, Teimour"]
[Result "1-0"]
[WhiteTitle "GM"]
[BlackTitle "GM"]
[WhiteElo "2764"]
[BlackElo "2747"]
[WhiteFideId "24116068"]
[BlackFideId "13400924"]
[EventDate "2022.09.14"]
[EventType "k.o."]

1. e4 c5 2. Nf3 Nc6 3. Bb5 g6 4. O-O Bg7 5. c3 Nf6 6. Re1 Qb6 7. Na3 O-O 8. e5
Nd5 9. Bc4 Nc7 10. Bf1 Nd5 11. d4 cxd4 12. Nc4 Qc7 13. Nxd4 Nb6 14. Nxb6 Qxb6
15. Nf3 d6 16. exd6 exd6 17. Qxd6 Bg4 18. Qf4 Bf5 19. Re2 Rfe8 20. Be3 Qa5 21.
Rd2 Re4 22. Qd6 Rae8 23. Qc5 Qc7 24. Rad1 Bg4 25. Qd6 Qc8 26. Be2 h5 27. Kh1 a6
28. a3 R4e7 29. Qc5 Rc7 30. Qg5 Rce7 31. Qc5 Rc7 32. Qg5 Rce7 33. Ng1 Bf5 34.
Qg3 Re4 35. Nf3 Bg4 36. h3 h4 37. Qd6 Bxh3 38. gxh3 Be5 39. Qd7 Qb8 40. Bf1 Bf4
41. Bxf4 Qxf4 42. Bg2 R8e7 43. Qd6 Qh6 44. Kg1 Kg7 45. b4 R4e6 46. Qd3 Qf4 47.
c4 g5 48. b5 axb5 49. cxb5 Ne5 50. Qd4 Qf6 51. Nxe5 Rxe5 52. Bf1 Kh6 53. a4 Qf5
54. Qg4 Qg6 55. Rd6 f6 56. Qf3 Rf5 57. Qg2 Rf4 58. a5 g4 59. R6d4 Rxd4 60. Rxd4
g3 61. Rxh4+ 1-0

[Event "CGC KO 2022"]
[Site "chess.com INT"]
[Date "2022.11.02"]
[Round "4.3"]
[White "Sevian, Samuel"]
[Black "Nihal, Sarin"]
[Result "1/2-1/2"]
[WhiteTitle "GM"]
[BlackTitle "GM"]
[WhiteElo "2684"]
[BlackElo "2677"]
[WhiteFideId "2040506"]
[BlackFideId "25092340"]
[EventDate "2022.09.14"]
[EventType "k.o."]

1. d4 Nf6 2. c4 e6 3. Nf3 d5 4. Nc3 Nbd7 5. cxd5 exd5 6. Bf4 c6 7. e3 Nh5 8. Bg5
Be7 9. Bxe7 Qxe7 10. Qc2 g6 11. Bd3 Nf4 12. O-O Nxd3 13. Qxd3 O-O 14. Nd2 b6 15.
e4 dxe4 16. Ndxe4 Nf6 17. Rfe1 Nxe4 18. Rxe4 Qd6 19. Qd2 Bf5 20. Re3 Rad8 21.
Rd1 Rd7 22. Qe2 Rfd8 23. d5 cxd5 24. Rxd5 Qf6 25. Re8+ Kg7 26. Rxd8 Qxd8 27.
Rxd7 Qxd7 28. Qe3 Be6 29. h3 f6 30. a3 Bf7 31. f3 h5 32. h4 Qd6 33. Kf2 Bc4 34.
Kg1 Bf7 35. Kf2 Bc4 36. Kg1 Bd3 37. Kf2 Bc4 1/2-1/2

[Event "CGC KO 2022"]
[Site "chess.com INT"]
[Date "2022.11.02"]
[Round "4.4"]
[White "Andreikin, Dmitry"]
[Black "So, Wesley"]
[Result "0-1"]
[WhiteTitle "GM"]
[BlackTitle "GM"]
[WhiteElo "2729"]
[BlackElo "2771"]
[WhiteFideId "4158814"]
[BlackFideId "5202213"]
[EventDate "2022.09.14"]
[EventType "k.o."]

1. c4 e5 2. Nc3 Nf6 3. e3 Bb4 4. Nge2 O-O 5. a3 Be7 6. d4 exd4 7. Nxd4 d5 8.
cxd5 Nxd5 9. Bd2 Bf6 10. Nxd5 Qxd5 11. Bc3 Rd8 12. Qf3 Be6 13. O-O-O Nd7 14.
Qxd5 Bxd5 15. Nb5 c6 16. Nc7 Bb3 17. Nxa8 Bxd1 18. Kxd1 Bxc3 19. bxc3 Nc5+ 20.
Kc2 Rxa8 21. Be2 Rd8 22. Bf3 Kf8 23. Rb1 a5 24. h4 Ke7 25. g4 h6 26. Bg2 g5 27.
Rh1 Nd3 28. hxg5 hxg5 29. Rb1 Nc5 30. Rh1 a4 31. Bf1 Rd6 32. Rh5 Ne4 33. Bd3
Nxf2 34. Bf5 Rd1 35. Rxg5 Ra1 36. Kb2 Re1 37. Kc2 Ra1 38. Kb2 Re1 39. Kc2 Re2+
40. Kc1 Rxe3 41. Kd2 Re5 42. Rg8 Rd5+ 43. Kc2 Nd1 44. c4 Ne3+ 45. Kc3 Rd8 46.
Rxd8 Kxd8 47. Kd4 Nxf5+ 48. gxf5 b6 49. c5 b5 50. Ke5 b4 0-1

[Event "CGC KO 2022"]
[Site "chess.com INT"]
[Date "2022.11.02"]
[Round "4.4"]
[White "Radjabov, Teimour"]
[Black "Giri, Anish"]
[Result "1/2-1/2"]
[WhiteTitle "GM"]
[BlackTitle "GM"]
[WhiteElo "2747"]
[BlackElo "2764"]
[WhiteFideId "13400924"]
[BlackFideId "24116068"]
[EventDate "2022.09.14"]
[EventType "k.o."]

1. d4 Nf6 2. c4 e6 3. Nc3 Bb4 4. a3 Bxc3+ 5. bxc3 c5 6. Nf3 O-O 7. Qc2 d5 8.
cxd5 exd5 9. Bg5 h6 10. Bxf6 Qxf6 11. e3 Nc6 12. Be2 Bf5 13. Qb2 c4 14. O-O Rab8
15. a4 a6 16. a5 Qd8 17. Qa3 b5 18. axb6 Rxb6 19. Nd2 Qe7 20. Qxe7 Nxe7 21. Ra2
Rfb8 22. f3 Rb2 23. Rfa1 Bb1 24. Rxb1 Rxb1+ 25. Nxb1 Rxb1+ 26. Kf2 Rb3 27. Rxa6
Rxc3 28. e4 f5 29. exd5 Nxd5 30. Rc6 Rc2 31. Rxc4 Nc3 32. Ke3 Rxe2+ 33. Kd3 Rxg2
34. Rxc3 Rxh2 35. d5 Rh4 36. Rc7 Kf8 37. d6 Ke8 38. Rxg7 Ra4 39. Rh7 Ra3+ 40.
Ke2 f4 41. Rxh6 Kd7 42. Rf6 Rb3 43. Rxf4 Kxd6 44. Re4 Rb5 45. f4 Rb7 46. Kf3 Re7
47. Ra4 Ke6 48. Kg4 Rg7+ 49. Kf3 Rg1 50. Ra6+ Kf5 51. Ra5+ Kf6 52. Ra6+ Kf5 53.
Ra5+ Kf6 54. Ra6+ Kf5 1/2-1/2